[Event "XLII Abierto Internacional"]
[Site "Mar del Plata ARG"]
[Date "2011.04.17"]
[Round "3.16"]
[White "Mussanti,D"]
[Black "Dominguez,Die"]
[Result "1-0"]
[WhiteElo "2306"]
[BlackElo "2015"]

1.e4 e6 2.d4 d5 3.Nc3 Bb4 4.e5 b6 5.Qg4 Bf8 6.Bg5 Qd7 7.f4 Ba6 8.Nf3 Bxf1
9.Rxf1 Nc6 10.O-O-O h6 11.Qh3 Nge7 12.Bxe7 Nxe7 13.g4 g6 14.Qg3 O-O-O 15.Nh4 Rg8
16.Qf2 Kb7 17.f5 gxf5 18.gxf5 h5 19.f6 Bh6+ 20.Kb1 Nc6 21.Rg1 Rdf8 22.Ne2 Qe8
23.Ng3 Rg5 24.Nf3 Rg6 25.Nxh5 Rfg8 26.Ng3 Na5 27.b3 Qb5 28.c3 Nc4 29.Qf1 Na3+
30.Kb2 Nc4+ 31.Ka1 Qa5 32.Qd3 Ne3 33.Rde1 Ng4 34.Kb2 Nf2 35.Qc2 Nh3 36.Rgf1 Qb5
37.a4 Qa6 38.Qe2 Qa5 39.Qb5 Qa6 40.c4 Nf4 41.Kc3 c6 42.Qxa6+ Kxa6 43.Ne2 Ng2
44.Ra1 Kb7 45.Kd3 a5 46.Rab1 Kc7 47.cxd5 cxd5 48.Rf2 Kb7 49.b4 axb4 50.Rxb4 Ra8
51.Nc3 Ne3 52.Rfb2 Nc4 53.Rxc4 dxc4+ 54.Kxc4 Rgg8 55.Ne4 Rxa4+ 56.Kb3 Rga8
57.Nd6+ Kc6 58.Rc2+ Kd5 59.Nb5 Ke4 60.Nc3+ Kxf3 61.Nxa4 Ke4 62.Rc4 Bd2 63.Rc7 Kxd4
64.Rd7+ Kxe5 65.Rxd2 Kxf6 66.Kb4 e5 67.Nxb6 Re8 68.Kc5 Kg5 69.Rg2+ Kh4 70.Rf2 Kh3
71.Nc4 f5 72.Nd6 Rg8 73.Nxf5 Rd8 74.Nd6 Rg8 75.Kd5 Rg1 76.Ne4 Rh1 77.Ng5+ Kh4
78.Nf3+ Kh3 79.Kxe5 Ra1 80.Ke4 Ra4+ 81.Nd4 Ra1 82.Rd2 Ra4 83.Kf4 Ra3 84.Nf3 Ra4+
85.Ke3 Ra3+ 86.Kf2 Ra8 87.Re2 Rg8 88.Re7 Rg2+ 89.Ke3 Ra2 90.Rh7+ Kg4 91.h3+ Kf5
92.Rh5+ Kg6 93.Rb5 Kh6 94.Rd5 Kg6 95.Kf4 Ra4+ 96.Rd4 Ra3 97.Kg4 Ra6 98.h4 Kh6
99.Ng5 Ra1 100.Rd6+ Kg7 101.Rd7+ Kf6 102.Rf7+ Ke5 103.h5 Rg1+ 104.Kh4  1-0

[Event "ch-BLR Junior"]
[Site "Minsk BLR"]
[Date "2011.04.18"]
[Round "4"]
[White "Bulanov,D"]
[Black "Grib,R"]
[Result "1-0"]
[WhiteElo "2359"]
[BlackElo "2284"]

1.e4 e6 2.d4 d5 3.Nc3 Bb4 4.e5 b6 5.Qg4 Bf8 6.Bb5+ c6 7.Ba4 Qc7 8.Nce2 Ne7
9.c3 Bd7 10.Nf3 c5 11.Bc2 Nbc6 12.O-O Nf5 13.Bb1 O-O-O 14.Ng5 Nh6 15.Qf3 Be7
16.Nxh7 Nf5 17.g4 Rxh7 18.gxf5 Rh4 19.Bf4 Rdh8 20.Bd3 Kb8 21.Rac1 exf5 22.Bg3 Be6
23.Bxh4 Rxh4 24.Bxf5 Qd7 25.Bxe6 Qxe6 26.Rcd1 cxd4 27.Nxd4 Nxe5 28.Qg3 Qg6
29.Qxg6 Nxg6 30.Nc6+ Kc7 31.Nxe7 Nxe7 32.Rfe1 Kd6 33.Rd4 Rh5 34.Rf4 f6 35.Rg4 Rh7
36.Rd1 Nc6 37.Kg2 Ke6 38.Re1+ Kf5 39.Rg3 Ne5 40.Rd1 Ke6 41.Rh3 Rxh3 42.Kxh3 Nc4
43.b3 Nd6 44.Re1+ Kd7 45.f3 Nf7 46.Kg3 Ng5 47.Kf4 g6 48.h4 Ne6+ 49.Kg4 Kd6
50.Kg3 Ng7 51.Kh3 Ne6 52.Kg3 Ng7 53.Kf2 Ne6 54.Rg1 Nf8 55.Rh1 Ne6 56.Rg1 Nf8
57.Rg4 a5 58.Ke3 Ke5 59.c4 dxc4 60.Rxc4 Ne6 61.Rc8 Nf4 62.Re8+ Kf5 63.Rb8 Ke5
64.Re8+ Kf5 65.a3 Nd5+ 66.Kd4 Nc7 67.Rb8 Ne6+ 68.Kc4 g5 69.hxg5 Nxg5 70.Rxb6 Nxf3
71.Ra6 Ke5 72.Kd3 Ne1+ 73.Kd2 Ng2 74.Rxa5+  1-0

[Event "Zagreb Open B"]
[Site "Zagreb CRO"]
[Date "2011.04.18"]
[Round "9.7"]
[White "Ivekovic,Bo1"]
[Black "Medic,Mir"]
[Result "1-0"]
[WhiteElo "2084"]
[BlackElo "2271"]

1.e4 e6 2.d4 d5 3.Nc3 Bb4 4.e5 b6 5.g3 Bf8 6.f4 Ne7 7.Nf3 Ba6 8.Bxa6 Nxa6
9.Qe2 Qc8 10.O-O h5 11.Nd1 c6 12.h3 Nc7 13.g4 hxg4 14.hxg4 g6 15.Rf2 Qa6
16.Qxa6 Nxa6 17.a4 Rb8 18.Bd2 c5 19.Nc3 Nb4 20.Nb5 Nec6 21.Bxb4 cxb4 22.c3 bxc3
23.Nxc3 Bb4 24.Rc1 Kd7 25.Kg2 Rbc8 26.Rfc2 Be7 27.Nb5 Rhg8 28.g5 a6 29.Nd6 Rc7
30.b4 Bd8 31.b5 Nb4 32.Rxc7+ Bxc7 33.bxa6 Nxa6 34.Nb5 Rb8 35.Rh1 Rf8 36.Rh7 Bb8
37.Kf2 Nb4 38.Ke2 Nc6 39.Kd3 Ne7 40.Nd6 Bxd6 41.exd6 Kxd6 42.Ne5 f6 43.Nf7+ Rxf7
44.Rxf7 fxg5 45.fxg5 Nf5 46.Rf6 Ne7 47.Rf8 Nf5 48.Rg8 Ne7 49.Rg7 Kd7 50.Ke3 Kd6
51.Kf4 Nf5 52.Rxg6 Nxd4 53.Rh6 Nf5 54.Rf6 Ng7 55.g6 Ne8 56.Rf7 e5+ 57.Kf5 e4
58.g7 Nxg7+ 59.Rxg7 e3 60.Rg3 d4 61.Ke4  1-0

[Event "XXV Catalunya Open"]
[Site "Barcelona ESP"]
[Date "2011.04.20"]
[Round "5"]
[White "Perez Mitjans,O"]
[Black "Gonzalez Rodriguez,JA"]
[Result "1-0"]
[WhiteElo "2457"]
[BlackElo "2418"]

1.e4 e6 2.d4 d5 3.Nc3 Bb4 4.e5 Qd7 5.a3 Bxc3+ 6.bxc3 b6 7.a4 Nc6 8.Bd3 Bb7
9.Nh3 Na5 10.Nf4 O-O-O 11.O-O Kb8 12.Qe2 Bc6 13.Ba3 Bxa4 14.Bb4 Nb7 15.Ba6 Bc6
16.Ra2 g5 17.Nh5 Qe8 18.Rfa1 Kc8 19.Qf3 h6 20.Bxb7+ Bxb7 21.Rxa7 Bc6 22.Ng7 Qd7
23.Qd3 b5 24.Qf1 f5 25.R7a6 Bb7 26.Nxe6 Bxa6 27.Rxa6  1-0

[Event "ch-SRB w 2011"]
[Site "Belgrade SRB"]
[Date "2011.04.22"]
[Round "11"]
[White "Manakova,M"]
[Black "Benderac,A"]
[Result "1-0"]
[WhiteElo "2336"]
[BlackElo "2305"]

1.e4 e6 2.d4 d5 3.Nc3 Bb4 4.e5 Qd7 5.a3 Bxc3+ 6.bxc3 b6 7.Qg4 f5 8.Qg3 Ba6
9.Bxa6 Nxa6 10.a4 Nb8 11.a5 Nc6 12.axb6 cxb6 13.Nf3 Na5 14.O-O O-O-O 15.Nd2 Kb7
16.Rxa5 bxa5 17.Nb3 Rc8 18.Ba3 g6 19.Nc5+ Rxc5 20.Bxc5 Ne7 21.Rb1+ Ka8 22.Bd6 Nc6
23.Qd3 Nb8 24.c4 Qc6 25.cxd5 exd5 26.Qb5 Qxb5 27.Rxb5 Nc6 28.Rxd5 a4 29.f4 Rd8
30.Rc5 Nxd4 31.Kf2 a3 32.Ra5 Nxc2 33.Ra4 Kb7 34.Ke2 Rc8 35.Bxa3 Nxa3 36.Rxa3 Rc4
37.Kf3 Kb6 38.h3 a5 39.g4 a4 40.gxf5 gxf5 41.Kg3 Kb5 42.Rd3 Rc6 43.Kh4 h6
44.Kh5 Kc4 45.Rd6 Kc5 46.Rxc6+ Kxc6 47.Kg6 a3 48.e6 Kd6 49.Kf7 a2 50.e7 a1=Q
51.e8=Q Qb1 52.Qe6+ Kc7 53.Qxh6 Qb3+ 54.Kf6 Qb6+ 55.Kg5 Qg1+ 56.Kxf5 Qc5+
57.Kg4 Qg1+ 58.Kh5 Qd1+ 59.Kg5 Qg1+ 60.Kf6 Qd4+ 61.Kg6 Qd6+ 62.Kg5 Qc5+ 63.f5 Qe3+
64.Kg6 Qe8+ 65.Kh7 Qe4 66.Qg7+ Kd8 67.Qf6+ Kd7 68.Qe6+  1-0

[Event "XXV Catalunya Open"]
[Site "Barcelona ESP"]
[Date "2011.04.23"]
[Round "8"]
[White "Martin Grillo,R"]
[Black "Gonzalez Rodriguez,JA"]
[Result "1-0"]
[WhiteElo "2239"]
[BlackElo "2418"]

1.e4 e6 2.d4 d5 3.Nc3 Bb4 4.e5 b6 5.a3 Bf8 6.Nf3 c5 7.Be3 a6 8.Ne2 Qc7 9.c3 c4
10.g3 Nc6 11.Bh3 h6 12.O-O Bd7 13.Nd2 Na5 14.f4 g6 15.g4 h5 16.f5 hxg4 17.fxg6 fxg6
18.Bxg4 Bh6 19.Bxh6 Nxh6 20.Nf4 Nf5 21.Nxg6 Rg8 22.Bxf5 exf5 23.Qh5 O-O-O
24.Kh1 Kb8 25.Nf4 Rh8 26.Qf3 Rh6 27.Rf2 Ba4 28.Nf1 Qh7 29.Re1 Bc6 30.Ne3 Rh8
31.h3 Nb7 32.Rg2 Rh5 33.Rg3 Nd8 34.Kh2 Qh6 35.Neg2 Rg5  1-0

[Event "Duflex Cup IM 2011"]
[Site "Frydek Mistek CZE"]
[Date "2011.04.23"]
[Round "6"]
[White "Vesselovsky,S"]
[Black "Wiley,To"]
[Result "1/2-1/2"]
[WhiteElo "2360"]
[BlackElo "2297"]

1.e4 e6 2.d4 d5 3.Nc3 Bb4 4.e5 Ne7 5.Bd2 b6 6.Nce2 Bxd2+ 7.Qxd2 Ba6 8.f4 h5
9.Nf3 Qd7 10.O-O-O Nbc6 11.Kb1  1/2-1/2

[Event "VII Lubuska Open"]
[Site "Gorzow POL"]
[Date "2011.04.23"]
[Round "7"]
[White "Dragun,K"]
[Black "Krasenkova,I"]
[Result "1-0"]
[WhiteElo "2431"]
[BlackElo "2127"]

1.e4 e6 2.d4 d5 3.Nc3 Bb4 4.e5 Qd7 5.a3 Bxc3+ 6.bxc3 b6 7.a4 Ba6 8.Bd3 Bxd3
9.cxd3 Nc6 10.Nf3 h6 11.Ba3 g5 12.O-O O-O-O 13.Nd2 h5 14.Nb3 a5 15.c4 dxc4
16.dxc4 Nxe5 17.dxe5 Qd4 18.Qf3 Kb8 19.Rad1 Nh6 20.Rxd4 Rxd4 21.c5 Rhd8 22.Nxa5 bxa5  1-0

[Event "V New Open Lugano"]
[Site "Lugano SUI"]
[Date "2011.04.24"]
[Round "5.6"]
[White "Colmenares,A"]
[Black "Altyzer,L"]
[Result "1-0"]
[WhiteElo "2267"]
[BlackElo "2130"]

1.e4 e6 2.d4 d5 3.Nc3 Bb4 4.e5 Qd7 5.h4 b6 6.Rh3 Ba6 7.Bxa6 Nxa6 8.Qe2 Nb8
9.Rg3 Bf8 10.h5 Ne7 11.Be3 Nf5 12.Rh3 c5 13.O-O-O cxd4 14.Bxd4 Nc6 15.Nf3 Bc5
16.Bxc5 bxc5 17.Ne4 Ncd4 18.Nxd4 Nxd4 19.Rxd4 cxd4 20.Nd6+ Ke7 21.h6 g5 22.Qd2 f6
23.Qb4 Rhb8 24.Qc5 Rb6 25.exf6+ Kxf6 26.Rf3+ Ke5 27.Nf7+ Ke4 28.c3  1-0

[Event "Heroes Day Masters"]
[Site "Bridgetown BAR"]
[Date "2011.04.28"]
[Round "1"]
[White "Harper,R"]
[Black "Tavares,S"]
[Result "1-0"]
[WhiteElo "2184"]
[BlackElo "2260"]

1.e4 e6 2.d4 d5 3.Nc3 Bb4 4.e5 Ne7 5.a3 Bxc3+ 6.bxc3 c5 7.h4 Qa5 8.Bd2 Nbc6
9.a4 c4 10.Nh3 Bd7 11.Qh5 Ng6 12.Qg5 h6 13.Qg3 Nce7 14.h5 Nf5 15.Qf3 Ngh4
16.Qg4 g6 17.Nf4 g5 18.Ne2 Ne7 19.f4 Nhf5 20.fxg5 O-O-O 21.gxh6 Rdg8 22.Bg5 Nxh6
23.Qf4 Rxg5 24.Qxg5 Nef5 25.Qd2 Ng4 26.Rh3 f6 27.Qf4 Rg8 28.h6 Nfxh6 29.Rxh6 fxe5
30.dxe5 Nxh6 31.Qxh6 d4 32.Qf4 dxc3 33.Qxc4+ Kb8 34.Qxc3 Qb6 35.Qd4 Qa5+
36.Qd2 Qxe5 37.Qf4 Qxf4 38.Nxf4 Rg4 39.Nd3 Bxa4 40.Kd2 Bc6 41.Ne5 Rd4+ 42.Kc3 Rd5
43.Re1 Be8 44.Bc4 Rc5 45.Kd4 b6 46.c3 Kc7 47.g4 Kd6 48.Nd3 Ra5 49.Rxe6+ Kd7
50.Ne5+ Kd8 51.g5 Ra1 52.g6 Rg1 53.Nf7+ Kd7 54.Ke5  1-0

[Event "43rd TCh-ITA 2011"]
[Site "Spoleto ITA"]
[Date "2011.04.28"]
[Round "2"]
[White "Ronchetti,N"]
[Black "Dvirnyy,D"]
[Result "1-0"]
[WhiteElo "2416"]
[BlackElo "2448"]

1.e4 e6 2.d4 d5 3.Nc3 Bb4 4.e5 Ne7 5.Qg4 c5 6.dxc5 Bxc3+ 7.bxc3 Qa5 8.Qb4 Qc7
9.f4 O-O 10.Nf3 Nec6 11.Qb5 Nd7 12.Be3 f6 13.exf6 Nxf6 14.Be2 Bd7 15.O-O d4
16.cxd4 Nxd4 17.Qc4 Nf5 18.Bd2 Nd5 19.Bd3 b5 20.cxb6 Qxb6+ 21.Kh1 Rac8 22.Qe4 Nf6
23.Qe1 Rfe8 24.Rb1 Qc5 25.Ne5 Ba4 26.Rb4 Bd7 27.Rb7 Ba4 28.Rb4 Bd7 29.Bc4 Qd6
30.Rb7 Bc6 31.Rxa7 Bxg2+ 32.Kxg2 Rxc4 33.Nxc4 Qc6+ 34.Rf3 Qxc4 35.Bc3 Nd5
36.Qe5 Nxc3 37.Rxc3 Qb4 38.Rcc7 Qf8 39.a4 Rd8  1-0

[Event "Karlovy Vary Open"]
[Site "Karlovy Vary CZE"]
[Date "2011.04.30"]
[Round "4.6"]
[White "Amato,G"]
[Black "Pokrupa,M"]
[Result "0-1"]
[WhiteElo "1987"]
[BlackElo "2186"]

1.e4 e6 2.d4 d5 3.Nc3 Bb4 4.e5 Ne7 5.Bd2 Nf5 6.a3 Ba5 7.Nf3 Bb6 8.Bg5 f6
9.exf6 gxf6 10.Bf4 Nc6 11.Bd3 Nd6 12.O-O Nf7 13.Re1 O-O 14.Bg3 Kh8 15.Nh4 f5
16.Qh5 Qg5 17.Qxg5 Nxg5 18.Bf4 Ne4 19.Nf3 Kg8 20.Ne2 Bd7 21.Ne5 Nxe5 22.Bxe5 c5
23.c3 Rac8 24.Rac1 Kf7 25.Nf4 cxd4 26.cxd4 Rxc1 27.Rxc1 Rc8 28.Rxc8 Bxc8
29.Be2 Nf6 30.Nd3 Nd7 31.Bh5+ Ke7 32.Bh8 Nf6 33.Bxf6+ Kxf6 34.Nc5 Bxc5 35.dxc5 Ke5
36.Be8 Kd4 37.b4 Kc4 38.f3 a5 39.c6 bxc6 40.bxa5 c5 41.a6 Bxa6 42.Bd7 Kd4
43.Bxe6 Bd3 44.Kf2 c4 45.Ke1 c3 46.Kd1 Kc5 47.g4 f4 48.g5 d4 49.Bb3 Bg6 50.h4 d3
51.Kc1 Bh5 52.Bg8 Bxf3 53.Bb3 d2+  0-1

[Event "TCh-HUN 2010-11"]
[Site "Budapest HUN"]
[Date "2011.05.01"]
[Round "10"]
[White "Fogarasi,T"]
[Black "Petrik,T"]
[Result "0-1"]
[WhiteElo "2420"]
[BlackElo "2528"]

1.e4 e6 2.d4 d5 3.Nc3 Bb4 4.e5 Ne7 5.Bd2 b6 6.Nce2 Bxd2+ 7.Qxd2 Ba6 8.Nf3 c5
9.c3 Nbc6 10.Nf4 Bxf1 11.Kxf1 Qd7 12.g3 O-O 13.Kg2 Ng6 14.Rhe1 Rac8 15.Nd3 cxd4
16.cxd4 f6 17.h4 fxe5 18.Ndxe5 Ngxe5 19.Nxe5 Qe7 20.Re2 Qb4 21.Rd1 Qxd2 22.Rdxd2 Nxe5
23.Rxe5 Kf7 24.f4 Rfe8 25.h5 g6 26.hxg6+ hxg6 27.Kf3 Kf6 28.Rde2 Re7 29.g4 Rc4
30.f5 gxf5 31.gxf5 Rxd4 32.fxe6 Rd3+ 33.Kf4 Rd4+ 34.Kf3 Rd2 35.Re1 Rxb2 36.Rh5 Rxa2
37.Rh6+ Kf5 38.Rh5+ Kf6 39.Rh6+ Kg5 40.Rh8 Ra3+ 41.Kf2 Ra4 42.Rg8+ Kf6 43.Rf8+ Kg7
44.Rf5 Rg4 45.Rxd5 Kf6 46.Rde5 Rf4+ 47.Kg3 Rf5 48.R5e4 Rg7+ 49.Kh4 Rh7+ 50.Kg3 Rg7+
51.Kh4 Rfg5 52.Rf4+ Kg6 53.Kh3 Rh7+ 54.Rh4 Rxh4+ 55.Kxh4 Rh5+ 56.Kg4 Rh8
57.Rd1 Kf6 58.Rd7 Kxe6 59.Rxa7 Kd5 60.Kf4 Re8 61.Ra1 b5 62.Rd1+ Kc5 63.Rc1+ Kb6
64.Rb1 Re7 65.Kf3 Kc5 66.Rc1+ Kd4 67.Rd1+ Kc4 68.Rc1+ Kd3  0-1

[Event "NK Jeugd A"]
[Site "Haarlem NED"]
[Date "2011.05.01"]
[Round "2"]
[White "Brookes,C"]
[Black "Otten,Martijn"]
[Result "1-0"]
[WhiteElo "2048"]
[BlackElo "1959"]

1.e4 e6 2.d4 d5 3.Nc3 Bb4 4.e5 b6 5.Qg4 Bf8 6.Bb5+ c6 7.Ba4 Ba6 8.Nce2 Bb5
9.Bxb5 cxb5 10.Nh3 Qd7 11.Nhf4 Nh6 12.Qh3 Nc6 13.c3 O-O-O 14.O-O g6 15.b4 Kb7
16.Qd3 a6 17.Be3 Nf5 18.Rfb1 h5 19.a4 Na7 20.axb5 axb5 21.Qc2 Ra8 22.Qa2 Kb8
23.Rb3 Ne7 24.Ra3 Nec6 25.Ra6 Qb7 26.Nd3 Be7 27.Ra3 Rc8 28.Kf1 Rc7 29.Qd2 Qc8
30.Bh6 Qd7 31.Qf4 Bd8 32.Ng1 Rb7 33.h4 Qc7 34.Nh3 Kc8 35.Ke2 Qd7 36.f3 Kc7
37.g4 hxg4 38.fxg4 Rab8 39.Bg7 Qe8 40.h5 gxh5 41.gxh5 Nc8 42.Rf1 f6 43.exf6+  1-0

[Event "29th Metz Open A"]
[Site "Longeville-les-Metz FRA"]
[Date "2011.05.03"]
[Round "3.2"]
[White "Kravtsiv,M"]
[Black "Dgebuadze,A"]
[Result "1/2-1/2"]
[WhiteElo "2565"]
[BlackElo "2521"]

1.e4 e6 2.d4 d5 3.Nc3 Bb4 4.e5 Ne7 5.a3 Bxc3+ 6.bxc3 c5 7.Nf3 Nbc6 8.a4 Qa5
9.Qd2 cxd4 10.cxd4 Qxd2+ 11.Bxd2 Nf5 12.Bc3 Bd7 13.Bd3 Rc8 14.Kd2 Rc7 15.Rhb1 O-O
16.a5 f6 17.Bb2 Rf7 18.Ba3 Nfxd4 19.Nxd4 Nxd4 20.Bd6 Rc8 21.Rxb7 fxe5 22.Bxe5 Nxc2
23.Rf1 Na3 24.Rxa7 Nc4+ 25.Bxc4 dxc4 26.a6 Bc6 27.Rxf7 Kxf7 28.a7 Rd8+ 29.Kc3 Rd3+
30.Kxc4 Ra3 31.Kc5 Bd5 32.Ra1 Rxa1 33.Bxa1 Ke7 34.g3 g6 35.h4 Kd7 36.Be5 h5
37.Kd4 Kc8 38.Bb8 Kb7 39.Ke5 Ba2 40.Kf6 Bb1 41.Kxe6 Ka8 42.Kf6 Bc2 43.Kg5 Kb7
44.g4 hxg4 45.Kxg4 Ka8 46.Kg5 Kb7 47.f4 Ka8 48.f5 Bxf5 49.h5 gxh5 50.Kxf5 h4
51.Kg4 h3 52.Kxh3 Kb7 53.Bc7 Kxa7 54.Bb6+  1/2-1/2

[Event "29th Metz Open A"]
[Site "Longeville-les-Metz FRA"]
[Date "2011.05.03"]
[Round "3.14"]
[White "Migot,T"]
[Black "Peric,Sl"]
[Result "0-1"]
[WhiteElo "2272"]
[BlackElo "2227"]

1.e4 e6 2.d4 d5 3.Nc3 Bb4 4.e5 Qd7 5.a3 Bxc3+ 6.bxc3 b6 7.Qg4 f5 8.Qg3 Ba6
9.Bxa6 Nxa6 10.Ne2 Kf7 11.a4 Ne7 12.O-O Rhc8 13.Ba3 c5 14.Qd3 Nb8 15.dxc5 bxc5
16.c4 Nbc6 17.f4 Nb4 18.Qd2 Qxa4 19.cxd5 Nexd5 20.Bxb4 Qxb4 21.Qd3 c4 22.Qd4 Qc5
23.Rfb1 Nc3 24.Rb7+ Kg8 25.Kf1 Nxe2 26.Qxc5 Rxc5 27.Kxe2 a5 28.Ra4 Rd8 29.Ra7 c3
30.Ra2 g5 31.R7xa5 Rxa5 32.Rxa5 gxf4 33.Kf3 Rd2 34.Rc5 Rxc2 35.Kxf4 Rxg2
36.Rxc3 Rxh2 37.Rc8+ Kf7 38.Rc7+ Ke8 39.Kg5 Rg2+ 40.Kf4 Rg4+ 41.Kf3 Re4 42.Rxh7 Rxe5
43.Ra7 Re4 44.Rb7 Rd4 45.Ra7 Rd7 46.Ra8+ Ke7 47.Kf4 Rd4+ 48.Ke3 e5 49.Rh8 Ra4
50.Rh6 Ra3+ 51.Ke2 e4 52.Rg6 Rd3 53.Ra6 Rd6 54.Ra5 Kf6 55.Ra8 Ke5 56.Ra5+ Kf4
57.Ra2 Rb6 58.Kf1 e3 59.Kg2 Rg6+ 60.Kf1 Rd6 61.Ra4+ Kf3 62.Ke1 Rh6  0-1

[Event "NK Jeugd A"]
[Site "Haarlem NED"]
[Date "2011.05.04"]
[Round "5"]
[White "Manoch,Maurice"]
[Black "Otten,Martijn"]
[Result "0-1"]
[WhiteElo "1769"]
[BlackElo "1959"]

1.e4 e6 2.d4 d5 3.Nc3 Bb4 4.e5 b6 5.Qg4 Bf8 6.Bg5 Qd7 7.Bb5 Nc6 8.O-O-O Bb7
9.Nh3 h6 10.Qh5 Nge7 11.Bxe7 Bxe7 12.f4 g6 13.Qf3 O-O-O 14.a3 f6 15.exf6 Bxf6
16.Nf2 Qg7 17.Bxc6 Bxc6 18.Ng4 Bxd4 19.Rxd4 Qxd4 20.Ne5 Be8 21.Rd1 Qc5 22.Ne2 Rf8
23.Nd4 Qd6 24.Qg4 Bd7 25.Qxg6 c5 26.Nxd7 Kxd7 27.Qg7+ Kc8 28.Ne2 Rg8 29.Qxh6 Rxg2
30.Ng3 Rf2 31.Kb1 Rxf4 32.Re1 Re8 33.Nh5 Rh4 34.Qg6 Re7 35.Rf1 Rxh2 36.Rf8+ Kb7
37.Ng7 d4 38.Rf1 d3 39.c3 Qd7 40.Nh5 d2 41.Rd1 Qd5 42.Ng3 Rg2 43.Qf6 Rd7  0-1

[Event "29th Metz Open A"]
[Site "Longeville-les-Metz FRA"]
[Date "2011.05.05"]
[Round "5.3"]
[White "Svetushkin,D"]
[Black "Dgebuadze,A"]
[Result "1-0"]
[WhiteElo "2561"]
[BlackElo "2521"]

1.e4 e6 2.d4 d5 3.Nc3 Bb4 4.e5 Ne7 5.a3 Bxc3+ 6.bxc3 c5 7.Nf3 Nbc6 8.a4 Qa5
9.Bd2 Qc7 10.Be2 b6 11.O-O h6 12.Re1 Bd7 13.Bf1 O-O 14.Qc1 f6 15.Bxh6 gxh6
16.Qxh6 Nf5 17.Qg6+ Kh8  1-0

[Event "ch-UKR semi-final"]
[Site "Alushta UKR"]
[Date "2011.05.06"]
[Round "4.25"]
[White "Grekh,A"]
[Black "Shulga,J"]
[Result "1-0"]
[WhiteElo "2369"]
[BlackElo "2255"]

1.e4 e6 2.d4 d5 3.Nc3 Bb4 4.e5 Qd7 5.Bd2 b6 6.Qg4 Bf8 7.Nf3 Ne7 8.h4 h5 9.Qf4 Ba6
10.Bxa6 Nxa6 11.Nd1 Ng6 12.Qg3 c5 13.O-O cxd4 14.Nxd4 Nc5 15.Nc3 Be7 16.Bg5 Bxg5
17.hxg5 Ne7 18.Rad1 a6 19.Rfe1 Rc8 20.Qh3 g6 21.Qf3 Na4 22.Qf6 Rf8 23.Nxa4 Qxa4
24.Re3 Qd7 25.Ra3 Qb7 26.Rf3 Qd7 27.c3 Nc6 28.Ne2 Qe7 29.Qf4 Qc7 30.Re3 Ne7
31.Qa4+ Qc6 32.Qxa6 Ra8 33.Qd3 Rxa2 34.Nd4 Qc4 35.Qb1 Ra8 36.b3 Qc5 37.c4 Rd8
38.Red3 Nc6 39.Nxc6 Qxc6 40.cxd5 Rxd5 41.Qa1 Kd7 42.Qa7+ Kc8 43.Rxd5 exd5
44.Qa3 Qe8 45.Qa6+ Kd7 46.Qb7+ Ke6 47.Qxd5+ Kf5 48.e6+  1-0

[Event "TCh-SVK Extraliga 2010-11"]
[Site "Slovakia SVK"]
[Date "2011.05.07"]
[Round "10"]
[White "Cech,D"]
[Black "Mydlarik,M"]
[Result "1/2-1/2"]
[WhiteElo "2113"]
[BlackElo "2136"]

1.e4 e6 2.d4 d5 3.Nc3 Bb4 4.e5 Ne7 5.Qg4 c5 6.a3 Bxc3+ 7.bxc3 Qc7 8.Qxg7 Rg8
9.Qxh7 cxd4 10.Ne2 dxc3 11.f4 Bd7 12.Qd3 Nf5 13.h3 Na6 14.g4 Nc5 15.Qxc3 Nh4
16.Be3 Rc8 17.Bf2 Ng6 18.h4 Ne4 19.Qxc7 Rxc7 20.h5 Nxf2 21.Kxf2 Nf8 22.Nd4 Rxg4
23.Kf3 Rg8 24.Bd3 f5 25.exf6 Kf7 26.h6 Kxf6 27.h7 Rh8 28.Rag1 Kf7 29.Rg5 Rc3
30.Ke2 Rxa3 31.Nf3 Nxh7 32.Ne5+ Ke8 33.Rxh7 Rxh7 34.Bxh7 Bb5+ 35.Kd2 Ke7
36.Rg7+ Kd6 37.Rxb7 Be8 38.Bg6 Bxg6 39.Nxg6 Rg3 40.Ne5 Ra3 41.Kc1 Ra6 42.Kb2 Kc5
43.Kb3 Kd4 44.Nd3 Ke3 45.Rh7 Rb6+ 46.Kc3 Rc6+ 47.Kb2 Kd2 48.Rh2+ Ke3 49.Rh3+ Kd2
50.Nb4 Rc4 51.Rh2+ Ke3 52.Nd3 a5 53.Rh5 Kd2 54.Rh2+ Ke3 55.Kb3 a4+ 56.Kb2 Rc8
57.Rh6 Kd2 58.Rh2+ Ke3 59.Ka3 Rc4 60.Rg2 Kf3 61.Rf2+ Ke3 62.Rh2 Re4 63.Rh8 Rc4
64.Rh2 Re4 65.Rh7 Rc4 66.Rh2 Re4 67.Nc5 Rxf4 68.Nxe6 Rc4 69.Ng5 d4 70.Nf7 Rc3+
71.Kxa4 d3 72.Rh3+ Kd4 73.cxd3 Rxd3 74.Rh4+ Kc5 75.Rh5+ Kd4 76.Kb4 Re3 77.Nd6 Re5
78.Nb5+ Kd5 79.Nc3+ Kd4 80.Rh4+ Kd3 81.Rg4 Re8 82.Rg7 Rd8 83.Rg3+ Kd4 84.Rg1 Rb8+
85.Nb5+ Ke5 86.Re1+  1/2-1/2

[Event "ch-KAZ 2011"]
[Site "Astana KAZ"]
[Date "2011.05.15"]
[Round "1"]
[White "Aitbayev,A"]
[Black "Kozganbayev,E"]
[Result "1/2-1/2"]
[WhiteElo "2355"]
[BlackElo "2271"]

1.e4 e6 2.d4 d5 3.Nc3 Bb4 4.e5 Ne7 5.a3 Bxc3+ 6.bxc3 c5 7.Qg4 cxd4 8.Qxg7 Rg8
9.Qxh7 Qc7 10.Ne2 Nbc6 11.f4 dxc3 12.Qd3 d4 13.Nxd4 Nxd4 14.Qxd4 Bd7 15.Rb1 Nf5
16.Qf2 Qc6 17.Rb4 Qd5 18.Rg1 Bc6 19.Bc4 Qe4+ 20.Qe2 Rxg2 21.Rxg2 Qxg2 22.Qxg2 Bxg2
23.Bd3 Kd7 24.Bxf5 exf5 25.Rc4 Rh8 26.Rxc3 Rxh2 27.Be3 b6 28.a4 Be4 29.a5 bxa5
30.Ra3 Rh3 31.Kd2 Rh2+ 32.Ke1 Rxc2 33.Rxa5 Rc7 34.Rxa7 Rxa7 35.Bxa7  1/2-1/2

[Event "TCh-UKR Clubs 2011"]
[Site "Alushta UKR"]
[Date "2011.05.17"]
[Round "5.5"]
[White "Chos,A"]
[Black "Ivaschenko,Dmitry"]
[Result "1-0"]
[WhiteElo "2302"]
[BlackElo "2214"]

1.e4 e6 2.d4 d5 3.Nc3 Bb4 4.e5 b6 5.Qg4 Bf8 6.Bg5 Qd7 7.Nh3 Ba6 8.Bxa6 Nxa6
9.O-O Ne7 10.Bxe7 Qxe7 11.a3 g6 12.Nf4 c6 13.b4 Nc7 14.Nce2 h5 15.Qf3 Qd7
16.Rfc1 a5 17.c4 Bh6 18.bxa5 Rxa5 19.Rab1 O-O 20.Rxb6 Rfa8 21.Rb3 dxc4 22.Rxc4 Nb5
23.g4 h4 24.Nd3 Rxa3 25.Rxa3 Rxa3 26.Nc5 Qd8 27.Qxc6 Qa5 28.Qe8+ Kg7 29.Nxe6+ fxe6
30.Qe7+  1-0

[Event "ch-Catalan KO"]
[Site "Sabadell ESP"]
[Date "2011.05.17"]
[Round "2.2"]
[White "Alsina Leal,D"]
[Black "Gual Pascual,A"]
[Result "1-0"]
[WhiteElo "2545"]
[BlackElo "2446"]

1.e4 e6 2.d4 d5 3.Nc3 Bb4 4.e5 Ne7 5.a3 Bxc3+ 6.bxc3 c5 7.Qg4 Nf5 8.Bd3 h5
9.Qf4 Qc7 10.dxc5 Na6 11.Ne2 Nxc5 12.Bxf5 exf5 13.O-O O-O 14.Ng3 Re8 15.Be3 Ne6
16.Qxf5 h4 17.Nh5 Qc4 18.Rab1 a5 19.Rfd1 Ra6 20.Qf3 Rc6 21.Rxd5 Nf8 22.Bd4 Rg6
23.Nf4 Bg4 24.Qd3 Qa2 25.Re1 Ne6 26.Nxg6 Qxd5 27.Nxh4 g5 28.Qg3 Nxd4 29.cxd4 Qxd4
30.Nf3 Qf4 31.Qxf4 gxf4 32.Nd4 Rc8 33.h3 Bd7 34.Rb1 Rc4 35.c3 Bc8 36.Rb5 Ra4
37.Nb3 Rxa3 38.Nxa5 Rxc3 39.Nxb7 Rc1+ 40.Kh2 Bxb7 41.Rxb7 Rc2 42.f3  1-0

[Event "ch-Euro Indiv Women"]
[Site "Tbilisi GEO"]
[Date "2011.05.17"]
[Round "10"]
[White "Manakova,M"]
[Black "Mkrtchian,L"]
[Result "1/2-1/2"]
[WhiteElo "2303"]
[BlackElo "2468"]

1.e4 e6 2.d4 d5 3.Nc3 Bb4 4.e5 Ne7 5.a3 Bxc3+ 6.bxc3 c5 7.a4 Nbc6 8.Nf3 Qa5
9.Bd2 Bd7 10.Bb5 c4 11.O-O h6 12.Qe2 a6 13.Bxc6 Bxc6 14.Rfb1 O-O-O 15.Rb4 Kb8
16.Bc1 Nc8 17.Rab1 Ka8 18.Ne1 Qc7 19.Qg4 f5 20.Qg6 Qd7 21.Ba3 Rhg8 22.R4b2 Qe8
23.Qxe8 Rdxe8 24.Kf1 g5 25.Nf3 Rg7 26.a5 Na7 27.Ke1 Nb5 28.Bb4 Rh8 29.Kd2 Be8
30.Ng1 f4 31.Ne2 Bh5 32.f3 Rf7 33.Rf1 Rg8 34.h3 Rf5 35.Rbb1 Be8 36.Rh1 h5
37.Rbf1 h4 38.Rb1 Rf7 39.Nc1 Bc6 40.Bc5 Rc8 41.Na2 Be8 42.Bb6 Rh7 43.Rhf1 Nc7
44.Bxc7 Rhxc7 45.Rb6 Rc6 46.Rfb1 Rxb6 47.Rxb6 Rc6 48.Rb1 Ka7 49.Rb2 b6 50.Nb4 Rc8
51.Nxa6 Kxa6 52.Rxb6+ Kxa5 53.Rxe6 Rd8 54.Rf6 Ra8 55.Rd6 Bb5 56.Rxd5 Kb6
57.Rd6+ Kc7 58.Rg6 Ra2 59.Rg7+ Kd8 60.Rg8+ Ke7 61.Rg7+ Kf8 62.Rxg5 Ba4 63.Rf5+ Ke7
64.Rxf4 Rxc2+ 65.Ke3 Rxc3+ 66.Ke4 Rd3 67.Rf6 Rd2 68.Ra6 Be8 69.Ra7+ Kf8 70.Rc7 Bf7
71.f4 Rxg2 72.Kf5 Ra2 73.e6 Be8 74.Rxc4 Ke7 75.Rc7+ Kd6 76.Rc8 Ke7 77.d5 Rd2
78.Ke4 Bg6+ 79.f5 Bxf5+ 80.Ke5 Rxd5+ 81.Kf4 Bxh3 82.Rh8 Rd4+ 83.Ke5 Ra4 84.Rh7+ Ke8
85.Kf6 Rf4+ 86.Kg5 Rg4+ 87.Kf6 Rf4+ 88.Kg5 Rf1 89.e7 Rg1+ 90.Kf6 Rf1+ 91.Kg5 Be6
92.Rxh4 Kxe7 93.Rh7+ Kd6 94.Ra7 Ke5 95.Ra5+ Bd5 96.Ra4 Rf8 97.Ra6 Rb8 98.Rg6 Be6
99.Rg7 Rb1 100.Kh6 Bf5 101.Kg5 Rg1+ 102.Kh6 Rh1+ 103.Kg5 Be6 104.Rg6 Bf5
105.Rg7 Rb1 106.Re7+ Be6 107.Rg7 Rb4 108.Rg6 Bf7 109.Rg7 Ke6 110.Rh7 Rb5+
111.Kf4 Kf6 112.Ke3 Bg6 113.Rc7 Bf5 114.Kd4 Be6 115.Rc5 Rb4+ 116.Kc3 Rh4
117.Kd3 Ke7 118.Ke3 Kd6 119.Rg5 Bd5 120.Rg3 Ke5 121.Rg5+ Ke6 122.Kd3 Re4
123.Rh5 Kd6 124.Rh8 Rf4 125.Rd8+ Kc5 126.Re8 Rf3+ 127.Re3 Rf2 128.Rg3 Bc4+
129.Ke3 Re2+ 130.Kf4 Kd4 131.Kg5 Ke5 132.Rg1 Be6 133.Rg3 Bf5 134.Rg1 Rh2
135.Re1+ Be4 136.Rg1 Rh8 137.Rg3 Rh7 138.Rg4 Rh1 139.Rg3 Re1 140.Rg4 Re2
141.Rg3 Rh2 142.Rg1  1/2-1/2

[Event "Serbian Cup 2011"]
[Site "Valjevo SRB"]
[Date "2011.05.19"]
[Round "4.8"]
[White "Govedarica,R"]
[Black "Tosic,S"]
[Result "1-0"]
[WhiteElo "2398"]
[BlackElo "2331"]

1.e4 e6 2.d4 d5 3.Nc3 Bb4 4.e5 Ne7 5.Qg4 c5 6.a3 Qa5 7.axb4 Qxa1 8.Kd1 O-O
9.bxc5 Nbc6 10.Nf3 f5 11.Qf4 Bd7 12.h4 Qa5 13.h5 Qd8 14.h6 g6 15.Bb5 b6 16.Bxc6 Nxc6
17.cxb6 Qxb6 18.Na4 Qc7 19.b3 Rac8 20.Qd2 Qa5 21.Ba3 Rfe8 22.Bd6 Qxd2+ 23.Kxd2 Ra8
24.Nc5 Bc8 25.c3 Nd8 26.g4 Nf7 27.g5 Nxd6 28.exd6 Rd8 29.Ne5 Rxd6 30.Ra1 a6
31.f4 Rb8 32.Kc2 Ra8 33.Ra5 Rb8 34.Ra4 Kf8 35.Ra5 Kg8 36.Kb2 Rdb6 37.Ra3 Rd6
38.Ka2 Rb5 39.Ra4 Rdb6 40.Ka3 Rd6 41.Rb4 Rxb4 42.Kxb4 Rb6+ 43.Ka4 Rb5 44.Nc6 Kf7
45.b4 Ke8 46.Na7 Rb8 47.Ka5 Bd7 48.Kxa6 Kd8 49.Ka5 Ra8 50.Kb6 Rb8+ 51.Nb7+ Ke7
52.b5 Bxb5 53.Nxb5 Rc8 54.Nc5 Rb8+ 55.Kc6 Ra8 56.Nc7 Ra3 57.N7xe6 Rxc3 58.Kxd5 Rc2
59.Kc6 Rd2 60.d5 Rd1 61.Nc7 Rd2 62.Nb5 Rd1 63.d6+ Kf7 64.Nc3  1-0